000 00479nam a2200181Ia 4500
005 20250508154000.0
008 008 250505s9999 xx 000 0 eng d
037 _aTextual
040 _aFEDL
_beng
_cFEDL
041 _aeng
_2eng
084 _a379.497, TOM
_qFEDL
100 _aTomich Vera
_9764801
245 0 _aEducation in yugoslavia and the new reform
260 _c1963
300 _a145p.
942 _cTEXL
_h379.497, TOM
999 _c1346786
_d1346786